| 000 | 00463nam a2200193Ia 4500 | ||
|---|---|---|---|
| 008 | 150901s9999 xx 000 0 und d | ||
| 041 | _aEnglish | ||
| 082 | _a635 | ||
| 082 | _bSAL/TI | ||
| 100 | _aSalikutty Joseph | ||
| 100 | _eAuthor | ||
| 245 | _aTips on winter vegetable cultivation | ||
| 260 | _aNew Delhi | ||
| 260 | _bKalyani Publishers | ||
| 260 | _c2007 | ||
| 365 | _a150/- | ||
| 650 | _aVegetable cultivation | ||
| 942 | _cBK | ||
| 999 |
_c240556 _d240556 |
||